| 000 -LEADER |
| fixed length control field |
00721nam a22002057a 4500 |
| 008 - FIXED-LENGTH DATA ELEMENTS--GENERAL INFORMATION |
| fixed length control field |
140521b xxu||||| |||| 00| 0 ger d |
| 020 ## - INTERNATIONAL STANDARD BOOK NUMBER |
| International Standard Book Number |
3901113029 |
| 041 0# - LANGUAGE CODE |
| Language code of text/sound track or separate title |
ger |
| 080 ## - UNIVERSAL DECIMAL CLASSIFICATION NUMBER |
| Universal Decimal Classification number |
378 |
| 100 ## - Rafti |
| Rafti |
Bast, Geral; Vodrazka, Karl; |
| 245 10 - TITLE STATEMENT |
| Title |
Universität und drittmittel : |
| Statement of responsibility, etc |
Geral Bast, Karl Vodrazka; |
| 260 ## - |
| -- |
Wien: |
| -- |
Apple Macintosh; |
| -- |
1990. |
| 300 ## - |
| -- |
463 f.: |
| -- |
me il.; |
| -- |
20 cm. |
| 500 ## - |
| -- |
Vorwort des bundesministers fur wissenschaft und forschung: f. I-III |
| 500 ## - |
| -- |
Vorwort des vorsitzenden der osterreichischen rektorenkonferenz: f. V-VI |
| 500 ## - |
| -- |
Vorwort des projektleiters: f. VII-X |
| 650 #0 - |
| -- |
Financimi ndërkombätarä |
| 650 #0 - |
| -- |
Arsimi |
| 942 ## - ADDED ENTRY ELEMENTS (KOHA) |
| Source of classification or shelving scheme |
|
| Item type |
Books |